000 00685ctm a22001935a 4500
001 L140906
008 071017s1935 xxk eng u
035 _a(Sirsi) u140906
041 0 _aeng
110 2 _aKnight Frank and Rutley
_91990
245 0 2 _aA catalogue of yearly clearing of timber comprising 565 clean oak trees standing on the Cobham Hall Estate...tenders to be sent to the auctioneers on or before the 12th day of November 1935
260 _c[1935]
300 _a3 leaves
_c33 x 20 cm.
340 _aTypewritten
351 _cSingle item
651 4 _aKent
690 _aPROPERTY-PROPERTY ACQUISITION AND DISPOSAL-ACQUISITION AND DISPOSAL AT AUCTION
942 _n0
999 _c116524
_d116524